| 000 | 00899nam a2200229Ii 4500 | ||
|---|---|---|---|
| 003 | JO-AjNU | ||
| 008 | 230605s9999||||xx |||||||||||||| ||und|| | ||
| 017 | _a2011/7416 | ||
| 020 | _a978-977-327-881-8 | ||
| 040 |
_aJO-AjNU _bara _erda _cJO-AjNU |
||
| 041 | _aara | ||
| 050 | 1 | 4 | _aKBP858.J33 2012 |
| 100 | 3 |
_aإعداد جاب الله، شيما حامد, _eauthor _934329 |
|
| 245 | 0 | 0 | _aالمعاملات المالية في العقود الإسلامية بين الإمام الألوسي والمذاهب الفقهية:( دراسة مقارنة) |
| 250 | _aط1 | ||
| 264 | 3 | 1 | _aالاسكندرية: مكتبة الوفاء القانونية، 2012 |
| 300 | _a491ص | ||
| 336 |
_atext _btxt _2rdacontent |
||
| 337 |
_aunmediated _bn _2rdamedia |
||
| 338 |
_avolume _bnc _2rdacarrier |
||
| 650 | 4 |
_aالمعاملات - فقة اسلامي - العقود - فقة اسلامي _934330 |
|
| 999 |
_aA14066 _c17634 _d17634 |
||